The Cambridge companion to Keynes / (Record no. 6973)
[ view plain ]
| 000 -LEADER | |
|---|---|
| fixed length control field | 01360nac a22003131u 4500 |
| 010 ## - LIBRARY OF CONGRESS CONTROL NUMBER | |
| LC control number | 2006298549 |
| 020 ## - INTERNATIONAL STANDARD BOOK NUMBER | |
| International Standard Book Number | 0521840902 (hbk.) |
| 020 ## - INTERNATIONAL STANDARD BOOK NUMBER | |
| International Standard Book Number | 052160060X (pbk.) |
| 024 3# - | |
| -- | 9780521840903 |
| 024 3# - | |
| -- | 9780521600606 |
| 035 ## - SYSTEM CONTROL NUMBER | |
| System control number | (OCoLC)ocm63186211 |
| 082 04 - DEWEY DECIMAL CLASSIFICATION NUMBER | |
| Classification number | 330.156092 |
| Item number | BAC |
| 090 ## - LOCALLY ASSIGNED LC-TYPE CALL NUMBER (OCLC); LOCAL CALL NUMBER (OCLC) | |
| -- | 6973 |
| -- | 6973 |
| 100 ## - MAIN ENTRY--PERSONAL NAME | |
| Personal name | Backhouse, Roger E. [e |
| 245 04 - TITLE STATEMENT | |
| Title | The Cambridge companion to Keynes / |
| Statement of responsibility, etc | edited by Roger E. Backhouse and Bradley W. Bateman. |
| 260 ## - PUBLICATION, DISTRIBUTION, ETC. (IMPRINT) | |
| Place of publication, distribution, etc | Cambridge, UK ; |
| -- | New York : |
| Name of publisher, distributor, etc | Cambridge University Press,c.2006. |
| Date of publication, distribution, etc | c.2006. |
| 300 ## - PHYSICAL DESCRIPTION | |
| Extent | xiv, 327 p. ; |
| Dimensions | 24 cm. |
| 500 ## - GENERAL NOTE | |
| General note | Distributer: Al-Ahram. |
| 504 ## - BIBLIOGRAPHY, ETC. NOTE | |
| Bibliography, etc | Includes bibliographical references (p. 291-310) and index. |
| 511 ## - PARTICIPANT OR PERFORMER NOTE | |
| Participant or performer note | Catalogued By: Mahitab. |
| 650 #0 - SUBJECT ADDED ENTRY--TOPICAL TERM | |
| Topical term or geographic name as entry element | Keynesian economics. |
| 700 1# - ADDED ENTRY--PERSONAL NAME | |
| Personal name | Backhouse, Roger, |
| Dates associated with a name | 1951- |
| 700 1# - ADDED ENTRY--PERSONAL NAME | |
| Personal name | Bateman, Bradley W., |
| Dates associated with a name | 1956- |
| 856 42 - ELECTRONIC LOCATION AND ACCESS | |
| Materials specified | Publisher description |
| Uniform Resource Identifier | <a href="http://www.loc.gov/catdir/enhancements/fy0702/2006298549-d.html">http://www.loc.gov/catdir/enhancements/fy0702/2006298549-d.html</a> |
| 856 42 - ELECTRONIC LOCATION AND ACCESS | |
| Materials specified | Table of contents only |
| Uniform Resource Identifier | <a href="http://www.loc.gov/catdir/enhancements/fy0702/2006298549-t.html">http://www.loc.gov/catdir/enhancements/fy0702/2006298549-t.html</a> |
| 856 42 - ELECTRONIC LOCATION AND ACCESS | |
| Materials specified | Contributor biographical information |
| Uniform Resource Identifier | <a href="http://www.loc.gov/catdir/enhancements/fy0733/2006298549-b.html">http://www.loc.gov/catdir/enhancements/fy0733/2006298549-b.html</a> |
| 942 ## - ADDED ENTRY ELEMENTS (KOHA) | |
| Item type | Book - Borrowing |
| Call number prefix | 330.156092BAC |
| Withdrawn status | Item status | Damaged status | Not for loan | Home library | Current library | Shelving location | Date acquired | Source of acquisition | Total Checkouts | Full call number | Barcode | Date last seen | Date last borrowed | Koha item type |
|---|---|---|---|---|---|---|---|---|---|---|---|---|---|---|
| Central Library | Central Library | First floor | 07/12/2010 | Purchase | 2 | 330.156092BAC | 000008507 | 15/07/2025 | 07/04/2011 | Book - Borrowing |